00956 2200349 4500001002100000005001500021035002000036245004200056100002000098250001000118300003600128260003600164082001000200084001600210020001900226600003400245650004400279650003200323505001100355990002000366990002000386990002000406990002000426990002000446990002000466990002000486990002000506990002000526990002000546990002000566990002000586INLIS00000000000414120230228090632 a0010-02230002781 aRajut Untuk Pemula /cAlison Dupernex0 aAlison Dupernex acet 1 a48 hlm, :bilus ;c21 x 29,5 cm aBandung. :bPakar Raya.,c2009. a756.2 a756.2 ALI r a978979534663-0 aPengalih Bahasa,Wulandari S.P aPenyunting Bahasa,Didik Hari Pambudi SS aPenyunting Materi,Rudiyanto aIndeks a12882/P/BL/2016 a12878/P/BL/2016 a12879/P/BL/2016 a12879/P/BL/2016 a12882/P/BL/2016 a12878/P/BL/2016 a12878/P/BL/2016 a12882/P/BL/2016 a12879/P/BL/2016 a12882/P/BL/2016 a12878/P/BL/2016 a12879/P/BL/2016